Nota Kursus Keselamatan Perlindungan Untuk Kategori VIII - XI (22 - 25 Jun 1993)

Bibliographic Details
Format: Book
Subjects:
Online Access:http://app.inspen.gov.my:7779/pls/portal/docs/PAGE/CORPORATEPAGES/PORTAL_INSPEN/NOTA_KURSUS/JJ/KO.PDF

MARC

LEADER 00000cam a2200000 7i4500
001 0000005437
005 20071210.0
040 |a INS 
090 0 0 |a J20 
245 0 0 |a Nota Kursus Keselamatan Perlindungan Untuk Kategori VIII - XI (22 - 25 Jun 1993) 
500 |a Digital document is available on-line; Please click the URL below 
650 0 0 |a Juruteknik 
856 |u http://app.inspen.gov.my:7779/pls/portal/docs/PAGE/CORPORATEPAGES/PORTAL_INSPEN/NOTA_KURSUS/JJ/KO.PDF 
999 |a J000000035   |b BOOK   |c Course Notes   |e Default branch 
999 |a J000000413   |b BOOK   |c Course Notes   |e Default branch